TNA Impact: The Video Game Roster - Statistics

General Stats
  • This quiz has been taken 73 times
  • The average score is 21 of 31
Answer Stats
Wrestler % Correct
Kurt Angle
94%
Samoa Joe
94%
AJ Styles
92%
Kevin Nash
86%
Sting
86%
Robert Roode
84%
Booker T
82%
Suicide
82%
Chris Sabin
80%
Scott Steiner
80%
Abyss
78%
Christopher Daniels
78%
Christian Cage
76%
James Storm
76%
Jeff Jarrett
76%
Alex Shelley
73%
Brother Devon
73%
Brother Ray
73%
Eric Young
71%
Rhino
63%
Jay Lethal
61%
Homicide
57%
Hernandez
51%
Petey Williams
51%
Shark Boy
51%
Sonjay Dutt
43%
Curry Man
39%
Tomko
39%
Senshi
27%
Mike Tenay
20%
Don West
18%
No matching quizzes found
Score Distribution
Percent of People with Each Score
Percentile by Number Answered
Your Score History
You have not taken this quiz